000 00756nam a22002297a 4500
001 48437
003 UA-OsUOA
005 20220817115058.0
007 ta
008 20070906b un ||||| |||| 00| 0 ukr d
020 _a5333010781
040 _aUA-OsUOA
_bukr
_cUA-OsUOA
_dUA-OsUOA
041 _aukr
080 _a821.161.2
090 _a821.161.2
_bЗ-11
245 _aЗ порога смерті: письменники України — жертви сталінських репресій
_cупоряд. Мусієнко О. Г.
_nвип. 1
260 _aК.
_c1991
_bРадянський письменник
300 _a494 с.
650 7 _a82 Література. Літературознавство
_2UDC
942 _cBK
_2udc
955 _a2
999 _c334544
_d334544